Language Quiz

Random Language or Africa Quiz
Score 0/12 Timer 02:00
20 Plays Today
% Correct
Libya
99%
Algeria
98.6%
Egypt
98.5%
Sudan
96.4%
Morocco
95%
Tunisia
94.4%
Chad
77.6%
Eritrea
76.9%
Mauritania
73.3%
Somalia
72.8%
Djibouti
52.2%
Comoros
26.3%

You're not logged in!

Compare scores with friends on all Sporcle quizzes.
OR
Log In

Sporcle TV

Today on Sporcle TV


Watch our educational content, quiz creation guides, and fun videos on Sporcle TV.

Show Comments

Extras

Top Quizzes Today


Score Distribution

Paid Content

Your Account Isn't Verified!

In order to create a playlist on Sporcle, you need to verify the email address you used during registration. Go to your Sporcle Settings to finish the process.

Report this User

Report this user for behavior that violates our Community Guidelines.

Details: